| 000 | 00000nam 2200000za 4500 |
| 001 | 9.693328 |
| 003 | CaOODSP |
| 005 | 20210624233621 |
| 007 | cr ||||||||||| |
| 008 | 150407|2007||||xxc|||||o f|0| 0 eng d |
| 040 | |aCaOODSP|beng |
| 043 | |an-cn--- |
| 086 | 1 |aSE3-50/2007E-PDF |
| 245 | 00|aElection handbook for candidates, their official agents and auditors |h[electronic resource]. |
| 250 | |a03/07 [rev. ed.] |
| 260 | |aOttawa : |bElections Canada, |c2007. |
| 300 | |a74 p. |
| 500 | |a"This handbook is designed to help candidates and their official agents comply with the provisions of the Act. . . . It represents the Chief Electoral Officer's interpretation of the Canada Elections Act." -- Introduction. |
| 590 | |a10-05-Supp|b2010-07-20 |
| 690 | 07|aCandidates|2gcpds |
| 690 | 07|aElections|2gcpds |
| 690 | 07|aHandbooks|2gcpds |
| 710 | 2 |aElections Canada. |
| 775 | 08|tManuel d'élection des candidats, de leurs agents officiels et de leurs vérificateurs |w(CaOODSP)9.637502 |
| 795 | |tElection handbook for candidates, their official agents and auditors |w(CaOODSP)9.686080 |
| 856 | 40|ahttp://publications.gc.ca|qPDF|s420 KB|uhttps://publications.gc.ca/collections/collection_2010/elections/SE3-50-2007-eng.pdf |
| 986 | |aEC 20190 |